000 00285nam a22001217a 4500
020 _a0-07-099329-7
041 _aENG
100 _aGrant.H.E
245 _aJigs And Fixtures Non _Standard Clamping Devices
260 _aDelhi
_bTata McGraw
_c1971
650 _aFMP
856 _uFMP (23 )
999 _c1372
_d1372